000 00440nam a2200181Ia 4500
001 22937
005 20260414150904.0
008 260414t2015||||xx |||||||||||||| ||spa||
041 _aESP
082 _a624.171
_bA71 T. 2
100 _aArguelles Álvarez, Ramón
_eAUT
245 0 _aCalculo de estructuras
_b
260 _c2015
300 _avarias paginaciones :
_c24 cm.
650 _a0
654 _aCIC
942 _cLIB
_dJUS
_fJUS
_2ddc
_n
999 _c22937
_d22937